Jerry Robinson : (Record no. 22515)

000 -LEADER
fixed length control field 01233cam a2200277 a 4500
001 - CONTROL NUMBER
control field 16017091
003 - CONTROL NUMBER IDENTIFIER
control field OSt
005 - DATE AND TIME OF LATEST TRANSACTION
control field 20170124113127.0
008 - FIXED-LENGTH DATA ELEMENTS--GENERAL INFORMATION
fixed length control field 091211s2010 nyua b6 001 0beng
010 ## - LIBRARY OF CONGRESS CONTROL NUMBER
LC control number 2009052197
020 ## - INTERNATIONAL STANDARD BOOK NUMBER
International Standard Book Number 9780810977648
040 ## - CATALOGING SOURCE
Original cataloging agency DLC
Transcribing agency DLC
Modifying agency DLC
043 ## - GEOGRAPHIC AREA CODE
Geographic area code n-us---
050 00 - LIBRARY OF CONGRESS CALL NUMBER
Classification number NC1429.R635
Item number C68 2010
082 00 - DEWEY DECIMAL CLASSIFICATION NUMBER
Classification number 741.5/973
Edition number 22
100 1# - MAIN ENTRY--PERSONAL NAME
Personal name Couch, N. C. Christopher.
245 10 - TITLE STATEMENT
Title Jerry Robinson :
Remainder of title ambassador of comics /
Statement of responsibility, etc. N.C. Christopher Couch ; introduction by Pete Hamill ; foreword by Dennis O'Neil.
260 ## - PUBLICATION, DISTRIBUTION, ETC. (IMPRINT)
Place of publication, distribution, etc. New York :
Name of publisher, distributor, etc. Abrams ComicArts,
Date of publication, distribution, etc. c2010.
300 ## - PHYSICAL DESCRIPTION
Extent 223 p. :
Other physical details ill. (some col.) ;
Dimensions 29 cm.
504 ## - BIBLIOGRAPHY, ETC. NOTE
Bibliography, etc Includes bibliographical references (p. [221]) and index.
600 10 - SUBJECT ADDED ENTRY--PERSONAL NAME
Personal name Robinson, Jerry,
Dates associated with a name 1922-2011
General subdivision Criticism and interpretation.
650 #0 - SUBJECT ADDED ENTRY--TOPICAL TERM
Topical term or geographic name as entry element Comic books, strips, etc.
Geographic subdivision United States
General subdivision History and criticism.
650 #0 - SUBJECT ADDED ENTRY--TOPICAL TERM
Topical term or geographic name as entry element Artists
Geographic subdivision United States
Form subdivision Biography.
906 ## - LOCAL DATA ELEMENT F, LDF (RLIN)
a 7
b cbc
c orignew
d 1
e ecip
f 20
g y-gencatlg
942 ## - ADDED ENTRY ELEMENTS (KOHA)
Source of classification or shelving scheme
Koha item type Hard Covered Materials
Classification part NC 1429 .R635C68 2010
Holdings
Withdrawn status Lost status Source of classification or shelving scheme Damaged status Not for loan Home library Current library Shelving location Date acquired Source of acquisition Total Checkouts Full call number Barcode Date last seen Price effective from Koha item type
          MACHAKOS UNIVERSITY LIBRARY MACHAKOS UNIVERSITY LIBRARY Open shelf 24/01/2017 Donation (BFA)   NC 1429 .R635C68 2010 30728 24/01/2017 24/01/2017 Hard Covered Materials
© Machakos University Library, Along The Highway, Machakos Wote Rd, Machakos, Kenya P.O. Box 136 - 90100 Machakos - Kenya

Tel: ( +254 ) 723 805829 OR Fax : 044-20353 OR Email: library@mksu.ac.ke